书目信息 |
| 题名: |
Protel DXP 2004电路设计与制版实用教程
|
|
| 作者: | 王振营 , 李满 , 杨君 编著 | |
| 分册: | ||
| 出版信息: | 北京 中国铁道出版社 2006 |
|
| 页数: | 316页 | |
| 开本: | 26cm | |
| 丛书名: | ||
| 单 册: | ||
| 中图分类: | TN410.2 | |
| 科图分类: | ||
| 主题词: | 印刷电路--计算机辅助设计--教材 | |
| 电子资源: | ||
| ISBN: | 7-113-07002-7 | |
| 000 | 01243nam0 2200313 450 | |
| 001 | 012004043634 | |
| 005 | 20070807162717.29 | |
| 009 | 012004043634 | |
| 010 | @a7-113-07002-7@dCNY35.00 | |
| 035 | @a(110120)012006067385 | |
| 100 | @a20060606d2006 em y0chiy0110 ea | |
| 101 | 0 | @achi |
| 102 | @aCN@b110000 | |
| 105 | @ay z 000yy | |
| 106 | @ar | |
| 200 | 1 | @aProtel DXP 2004电路设计与制版实用教程@AProtel DXP 2004 dian lu she ji yu zhi ban shi yong jiao cheng@f王振营,李满,杨君等编著@Fwang zhen ying, li man, yang jun deng bian zhu |
| 210 | @a北京@c中国铁道出版社@d2006 | |
| 215 | @a316页@d26cm@e1光盘 | |
| 307 | @a附光盘:ISBN 7-900144-35-8 | |
| 330 | @a本书主要介绍了利用Protel DXP 2004进行电路原理图设计和PCB设计的相关知识,内容主要包括原理图元件设计、原理图设计、印刷电路板设计、规则设置、元件布局、电路板步线、元件封装的制作、DRC检测等,多通道电路设计作为一种特殊的层次电路设计方式,在本书得到了详细的介绍。 | |
| 606 | 0 | @a印刷电路@x计算机辅助设计@j教材 |
| 610 | 0 | @aProtel DXP |
| 690 | @aTN410.2@v4 | |
| 701 | 0 | @a王振营@Awang zhen ying@4编著 |
| 701 | 0 | @a李满@Ali man@4编著 |
| 701 | 0 | @a杨君@Ayang jun@4编著 |
| 801 | 0 | @aCN@b110120@c20070807 |
| 801 | 2 | @aCN@b110120@c20060608 |
| 905 | @dTN410.2@e114@f1 | |
| Protel DXP 2004电路设计与制版实用教程/王振营,李满,杨君等编著.-北京:中国铁道出版社,2006 |
| 316页;26cm+1光盘 |
| ISBN 7-113-07002-7:CNY35.00 |
| 本书主要介绍了利用Protel DXP 2004进行电路原理图设计和PCB设计的相关知识,内容主要包括原理图元件设计、原理图设计、印刷电路板设计、规则设置、元件布局、电路板步线、元件封装的制作、DRC检测等,多通道电路设计作为一种特殊的层次电路设计方式,在本书得到了详细的介绍。 |
| ● |
| 相关链接 |
|
|
|
|
正题名:Protel DXP 2004电路设计与制版实用教程
索取号:TN410.2/114
 
预约/预借
| 序号 | 登录号 | 条形码 | 馆藏地/架位号 | 状态 | 备注 |
| 1 | 0853017 | 208530179 | 第二样本阅览室/ [索取号:TN410.2/114] | 在馆 |